<?xml version="1.0" encoding="UTF-8"?>
<record
    xmlns:xsi="http://www.w3.org/2001/XMLSchema-instance"
    xsi:schemaLocation="http://www.loc.gov/MARC21/slim http://www.loc.gov/standards/marcxml/schema/MARC21slim.xsd"
    xmlns="http://www.loc.gov/MARC21/slim">

  <leader>00823nam a22002297a 4500</leader>
  <controlfield tag="003">SEM</controlfield>
  <controlfield tag="005">20260623113100.0</controlfield>
  <controlfield tag="008">260619m19841984ai ||||gr||||||01|||arm|d</controlfield>
  <datafield tag="040" ind1=" " ind2=" ">
    <subfield code="a">SEM</subfield>
    <subfield code="c">SEM</subfield>
  </datafield>
  <datafield tag="041" ind1=" " ind2=" ">
    <subfield code="a">arm</subfield>
  </datafield>
  <datafield tag="080" ind1=" " ind2=" ">
    <subfield code="a">891.981-1/&#x54D;-15</subfield>
  </datafield>
  <datafield tag="100" ind1=" " ind2=" ">
    <subfield code="a">&#x54D;&#x561;&#x570;&#x575;&#x561;&#x576;, &#x540;&#x561;&#x574;&#x578;</subfield>
  </datafield>
  <datafield tag="245" ind1=" " ind2=" ">
    <subfield code="a">&#x535;&#x580;&#x56F;&#x565;&#x580;&#x56B; &#x56A;&#x578;&#x572;&#x578;&#x57E;&#x561;&#x56E;&#x578;&#x582; :</subfield>
    <subfield code="b">2 &#x570;&#x561;&#x57F;&#x578;&#x580;&#x578;&#x57E; /</subfield>
    <subfield code="c">&#x540;. &#x54D;&#x561;&#x570;&#x575;&#x561;&#x576; ; &#x53D;&#x574;&#x562;.&#x55D; &#x54D;. &#x54D;&#x561;&#x570;&#x561;&#x56F;&#x575;&#x561;&#x576;</subfield>
  </datafield>
  <datafield tag="260" ind1=" " ind2=" ">
    <subfield code="a">&#x535;&#x580;&#x587;&#x561;&#x576; :</subfield>
    <subfield code="b">&#x54D;&#x578;&#x57E;&#x565;&#x57F;. &#x563;&#x580;&#x578;&#x572;,</subfield>
    <subfield code="c">1984.</subfield>
  </datafield>
  <datafield tag="300" ind1=" " ind2=" ">
    <subfield code="a">&#x540;. ;</subfield>
    <subfield code="b">&#x576;&#x56F;. ;</subfield>
    <subfield code="c">17 &#x57D;&#x574;</subfield>
  </datafield>
  <datafield tag="505" ind1=" " ind2=" ">
    <subfield code="a">&#x540;. 1 - </subfield>
    <subfield code="t">&#x532;&#x561;&#x576;&#x561;&#x57D;&#x57F;&#x565;&#x572;&#x56E;&#x578;&#x582;&#x569;&#x575;&#x578;&#x582;&#x576;&#x576;&#x565;&#x580;,</subfield>
    <subfield code="g">1984.- 390 &#x567;&#x57B;
</subfield>
  </datafield>
  <datafield tag="505" ind1=" " ind2=" ">
    <subfield code="a">&#x540;. 2 - </subfield>
    <subfield code="t">&#x532;&#x561;&#x576;&#x561;&#x57D;&#x57F;&#x565;&#x572;&#x56E;&#x578;&#x582;&#x569;&#x575;&#x578;&#x582;&#x576;&#x576;&#x565;&#x580;,</subfield>
    <subfield code="g">1984.- 439 &#x567;&#x57B;
</subfield>
  </datafield>
  <datafield tag="650" ind1=" " ind2=" ">
    <subfield code="a">&#x540;&#x561;&#x575; &#x563;&#x580;&#x561;&#x56F;&#x561;&#x576;&#x578;&#x582;&#x569;&#x575;&#x578;&#x582;&#x576;</subfield>
    <subfield code="x">&#x57A;&#x578;&#x565;&#x566;&#x56B;&#x561;</subfield>
  </datafield>
  <datafield tag="653" ind1=" " ind2=" ">
    <subfield code="a">&#x54D;&#x537;&#x544;</subfield>
  </datafield>
  <datafield tag="700" ind1=" " ind2=" ">
    <subfield code="a">&#x54D;&#x561;&#x570;&#x561;&#x56F;&#x575;&#x561;&#x576;, &#x54D;.</subfield>
    <subfield code="e">&#x56D;&#x574;&#x562;.</subfield>
    <subfield code="4">edt.</subfield>
  </datafield>
  <datafield tag="942" ind1=" " ind2=" ">
    <subfield code="2">udc</subfield>
    <subfield code="c">BK</subfield>
  </datafield>
  <datafield tag="999" ind1=" " ind2=" ">
    <subfield code="c">46592</subfield>
    <subfield code="d">46592</subfield>
  </datafield>
  <datafield tag="952" ind1=" " ind2=" ">
    <subfield code="0">0</subfield>
    <subfield code="1">0</subfield>
    <subfield code="2">udc</subfield>
    <subfield code="4">0</subfield>
    <subfield code="7">0</subfield>
    <subfield code="8">&#x533;&#x580;&#x561;&#x57A;&#x561;&#x570;&#x578;&#x581;</subfield>
    <subfield code="a">SEM</subfield>
    <subfield code="b">SEM</subfield>
    <subfield code="d">2026-06-19</subfield>
    <subfield code="g">1000.00</subfield>
    <subfield code="h">&#x540;. 1</subfield>
    <subfield code="i">4342</subfield>
    <subfield code="l">0</subfield>
    <subfield code="o">891.981-1/&#x54D;-15</subfield>
    <subfield code="p">4342</subfield>
    <subfield code="r">2014-11-16</subfield>
    <subfield code="w">2014-11-16</subfield>
    <subfield code="y">BK</subfield>
    <subfield code="z">&#x54D;&#x57A;&#x561;&#x57D;&#x561;&#x580;&#x56F;&#x57E;&#x578;&#x582;&#x574; &#x567; &#x568;&#x576;&#x569;&#x565;&#x580;&#x581;&#x561;&#x57D;&#x580;&#x561;&#x570;</subfield>
  </datafield>
  <datafield tag="952" ind1=" " ind2=" ">
    <subfield code="0">0</subfield>
    <subfield code="1">0</subfield>
    <subfield code="2">udc</subfield>
    <subfield code="4">0</subfield>
    <subfield code="7">0</subfield>
    <subfield code="8">&#x533;&#x580;&#x561;&#x57A;&#x561;&#x570;&#x578;&#x581;</subfield>
    <subfield code="a">SEM</subfield>
    <subfield code="b">SEM</subfield>
    <subfield code="d">2026-06-19</subfield>
    <subfield code="g">1100.00</subfield>
    <subfield code="h">&#x540;. 2</subfield>
    <subfield code="i">4414</subfield>
    <subfield code="l">0</subfield>
    <subfield code="o">891.981-1/&#x54D;-15</subfield>
    <subfield code="p">4414</subfield>
    <subfield code="r">2014-11-16</subfield>
    <subfield code="w">2014-11-16</subfield>
    <subfield code="y">BK</subfield>
    <subfield code="z">&#x54D;&#x57A;&#x561;&#x57D;&#x561;&#x580;&#x56F;&#x57E;&#x578;&#x582;&#x574; &#x567; &#x568;&#x576;&#x569;&#x565;&#x580;&#x581;&#x561;&#x57D;&#x580;&#x561;&#x570;</subfield>
  </datafield>
  <datafield tag="952" ind1=" " ind2=" ">
    <subfield code="0">0</subfield>
    <subfield code="1">0</subfield>
    <subfield code="2">udc</subfield>
    <subfield code="4">0</subfield>
    <subfield code="7">0</subfield>
    <subfield code="8">&#x533;&#x580;&#x561;&#x57A;&#x561;&#x570;&#x578;&#x581;</subfield>
    <subfield code="a">SEM</subfield>
    <subfield code="b">SEM</subfield>
    <subfield code="d">2026-06-19</subfield>
    <subfield code="g">1000.00</subfield>
    <subfield code="h">&#x540;. 1</subfield>
    <subfield code="i">37526</subfield>
    <subfield code="l">0</subfield>
    <subfield code="o">891.981-1/&#x54D;-15</subfield>
    <subfield code="p">37526</subfield>
    <subfield code="r">2014-11-16</subfield>
    <subfield code="w">2014-11-16</subfield>
    <subfield code="y">BK</subfield>
    <subfield code="z">&#x54D;&#x57A;&#x561;&#x57D;&#x561;&#x580;&#x56F;&#x57E;&#x578;&#x582;&#x574; &#x567; 30 &#x585;&#x580;</subfield>
  </datafield>
  <datafield tag="952" ind1=" " ind2=" ">
    <subfield code="0">0</subfield>
    <subfield code="1">0</subfield>
    <subfield code="2">udc</subfield>
    <subfield code="4">0</subfield>
    <subfield code="7">0</subfield>
    <subfield code="8">&#x533;&#x580;&#x561;&#x57A;&#x561;&#x570;&#x578;&#x581;</subfield>
    <subfield code="a">SEM</subfield>
    <subfield code="b">SEM</subfield>
    <subfield code="d">2026-06-19</subfield>
    <subfield code="g">1000.00</subfield>
    <subfield code="h">&#x540;. 2</subfield>
    <subfield code="i">37527</subfield>
    <subfield code="l">0</subfield>
    <subfield code="o">891.981-1/&#x54D;-15</subfield>
    <subfield code="p">37527</subfield>
    <subfield code="r">2014-11-16</subfield>
    <subfield code="w">2014-11-16</subfield>
    <subfield code="y">BK</subfield>
    <subfield code="z">&#x54D;&#x57A;&#x561;&#x57D;&#x561;&#x580;&#x56F;&#x57E;&#x578;&#x582;&#x574; &#x567; 30 &#x585;&#x580;</subfield>
  </datafield>
</record>
